CVI-CVIP: cuestionarios de evaluación de la calidad de vida en la infancia. Manual de aplicación

Uloženo v:
Podrobná bibliografie
Hlavní autoři: Sabeh, Eliana Noemí (Autor), Verdugo Alonso, Miguel Angel (Autor), Prieto Adánez, Gerardo (Autor), Contini de Gonzalez, E. Norma (Autor)
Médium: Kniha
Jazyk:španělština
Vydáno: Madrid CEPE 2009
Edice:Colección Instrumentos de Evaluación, 23
Témata:
Tagy: Přidat tag
Žádné tagy, Buďte první, kdo vytvoří štítek k tomuto záznamu!

MARC

LEADER 00000cam a2200000 a 4500
001 UCG9359
003 CL-VaPUC
008 120309e20090000SP |||||||||||||||||spa|d
020 |a 9788478696956 
082 0 4 |a 372.21  |b SAB  |2 21 
100 0 |a Sabeh, Eliana Noemí  |e author  |9 560880 
700 0 |a Verdugo Alonso, Miguel Angel  |e author  |9 254799 
700 0 |a Prieto Adánez, Gerardo  |e author  |9 560881 
700 0 |a Contini de Gonzalez, E. Norma  |e author  |9 560882 
245 1 0 |a CVI-CVIP: cuestionarios de evaluación de la calidad de vida en la infancia. Manual de aplicación 
300 |a 60 p 
942 |c BK 
945 |d 20120309 00:00:00  |a dcastane 
260 |a Madrid  |b CEPE  |c 2009 
650 0 |a Educación preescolar  |9 260381 
650 0 |a Calidad de vida   |9 322944 
583 |a last modification  |c 20120309 14:21:00  |k Rodrigo Vera 
490 0 |a Colección Instrumentos de Evaluación, 23 
999 |c 346916  |d 346914 
952 |0 0  |1 0  |4 0  |6 372_210000000000000_SAB_2009  |7 0  |8 R  |9 447867  |a BIBEDU  |b BIBEDU  |c MCIRC  |d 2019-11-22  |i 4844106  |o 372.21 SAB 2009  |p 4844106  |r 2023-01-13  |w 2019-11-22  |y BK_R  |k EPE 
952 |0 0  |1 0  |3 erb  |4 0  |6 372_210000000000000_SAB_2009  |7 0  |8 R  |9 447868  |a BIBEDU  |b BIBEDU  |c MCIRC  |i 5116015  |o 372.21 SAB 2009  |p 5116015  |r 2023-01-13  |w 2019-11-22  |y BK_R  |z Catalogado en:20141003  |k EDI 
952 |0 0  |1 0  |3 erb  |4 0  |6 372_210000000000000_SAB_2009  |7 0  |8 R  |9 447869  |a BIBEDU  |b BIBEDU  |c MCIRC  |i 5116023  |o 372.21 SAB 2009  |p 5116023  |r 2023-01-13  |w 2019-11-22  |y BK_R  |z Catalogado en:20141003  |k EDI